Season 5 SNL Hosts by Picture - Statistics

General Stats
  • This quiz has been taken 32 times
  • The average score is 11 of 18
Answer Stats
Picture Answer % Correct
Chevy Chase
100%
Steve Martin
94%
Strother Martin
94%
Burt Reynolds
87%
Rodney Dangerfield
81%
Elliott Gould
74%
Kirk Douglas
74%
Bob Newhart
71%
Bea Arthur
68%
Eric Idle
61%
Bill Russell
58%
Buck Henry
52%
Martin Sheen
45%
Howard Hesseman
42%
Terri Garr
39%
Ted Knight
26%
Richard Benjamin
23%
Paula Prentiss
10%
No matching quizzes found
Score Distribution
Percent of People with Each Score
Percentile by Number Answered
Your Score History
You have not taken this quiz